| 000 | 00340nam a2200121Ia 4500 | ||
|---|---|---|---|
| 008 | 190722s9999 xx 000 0 und d | ||
| 020 | _a978-93-325-5179-4 | ||
| 100 | _aJoyce, Weil, Calhoun | ||
| 245 | 0 | _aModels Of Teachings | |
| 260 |
_aNew Delhi _bDorling Kindersley Pvt. Ltd. Publishing Pearson Ed. Ltd. _c2015 |
||
| 300 | _a558 | ||
| 942 | _cBK | ||
| 999 |
_c592 _d592 |
||